Saffroy Frédéric, Le Bouclier de Neptune : la politique de défense des bases françaises en Méditerranée (1912-1931), préf. du contre-amiral Loïc Finaz, Rennes, Presses universitaires de Rennes, « Histoire », 2015, 391 p., 24 € (notice n° 1606326)

détails MARC
000 -LEADER
fixed length control field 02156cam a2200169 4500500
005 - DATE AND TIME OF LATEST TRANSACTION
control field 20251228100216.0
041 ## - LANGUAGE CODE
Language code of text/sound track or separate title fre
042 ## - AUTHENTICATION CODE
Authentication code dc
100 10 - MAIN ENTRY--PERSONAL NAME
Personal name Lenhof, Jean-Louis
Relator term author
245 00 - TITLE STATEMENT
Title Saffroy Frédéric, Le Bouclier de Neptune : la politique de défense des bases françaises en Méditerranée (1912-1931), préf. du contre-amiral Loïc Finaz, Rennes, Presses universitaires de Rennes, « Histoire », 2015, 391 p., 24 €
260 ## - PUBLICATION, DISTRIBUTION, ETC.
Date of publication, distribution, etc. 2016.<br/>
500 ## - GENERAL NOTE
General note 88
520 ## - SUMMARY, ETC.
Summary, etc. Le principe d’honneur en République est un ressort important qui permet de souder et d’incorporer les individus et les communautés à la nation. Il sert aussi à en exclure les indignes. Pour étudier la force réelle et l’usage de l’honneur en République, nous suivons le parcours d’errance bien singulière de Pierre Bournel (1881-1916), petit-fils de bagnard corrézien, condamné pour vol avec violence à l’âge de vingt ans à Tours, et relégué en Algérie dans les bataillons des exclus de l’armée après avoir purgé sa peine civile. Jamais réellement formé à se battre, il se sacrifie héroïquement en tombant au combat en 1916.
520 ## - SUMMARY, ETC.
Summary, etc. Pierre Bournel and “Death for France”The principle of honour in the Republic is an important mechanism to build cohesive communities and to integrate individuals into a national identity. It may also serve to exclude those deemed unworthy. To study the real power and the use of honour in the Republic, we follow the very meandering path taken by Pierre Bournel (1881-1916), the grandson of a convict from the Corrèze region, condemned for violent robbery at the age of twenty in Tours, and ultimately sent to Algeria in the “bataillons d’exclus” (the battalions of the outcasts of the French army) after serving his civil sentence. Having never been trained in combat, he would heroically sacrifice himself during the First World War in 1916.
786 0# - DATA SOURCE ENTRY
Note Vingtième Siècle. Revue d'histoire | 131 | 3 | 2016-06-07 | p. XXIX-XXIX | 0294-1759
856 41 - ELECTRONIC LOCATION AND ACCESS
Uniform Resource Identifier <a href="https://shs.cairn.info/revue-vingtieme-siecle-revue-d-histoire-2016-3-page-XXIX?lang=fr&redirect-ssocas=7080">https://shs.cairn.info/revue-vingtieme-siecle-revue-d-histoire-2016-3-page-XXIX?lang=fr&redirect-ssocas=7080</a>

Pas d'exemplaire disponible.

PLUDOC

PLUDOC est la plateforme unique et centralisée de gestion des bibliothèques physiques et numériques de Guinée administré par le CEDUST. Elle est la plus grande base de données de ressources documentaires pour les Étudiants, Enseignants chercheurs et Chercheurs de Guinée.

Adresse

627 919 101/664 919 101

25 boulevard du commerce
Kaloum, Conakry, Guinée

Réseaux sociaux

Powered by Netsen Group @ 2025